Регионална библиотека "Любен Каравелов" - Русе

Магията на реалността (Запис номер 447479)

MARC детайли
000 -Лидер
Контролно поле с фиксирана дължина 01425nam a2200361 a 4500
003 - Код на организацията, давaща контролен номер
Контролно поле BLK
005 - Дата и час на последна редакция
Контролно поле 20250221105244.0
008 - Елементи от данни с фиксирана дължина
fixed length control field 180408b bul|||||r ||||||| ||bul||
010 ## - Наследен системен номер
LC control number KNG00045908000
020 ## - Международен стандартен номер на книга ISBN
Международен стандартен номер на книга ISBN 9789542837398
040 ## - Източник на каталожния запис
Идентификатор на билиотеката - собственик на записа BLK
041 ## - Код за език
Код за езика на текст/звукозапис или на отделно заглавие Български
Код за езика КДБФ Български
072 #7 - Код за тематичната категория
Код организация bullib
Код за тематична категория Н50
Текст Естествени науки. Математика и др. Н
080 ## - УДК
УДК код - определител по УДК 5
УДК определител (02.053.2)
УДК - код + определител 5(02.053.2)
100 1# - Редна дума - Автор
Автор Докинс, Ричард
Авторска отговорност първи автор
R(LIN) 64073
139 ## - Редно поле
Редна дума Докинс, Ричард
Авторски знак Док - Д 72
240 ## - Унифицирано заглавие
Унифицирано заглавие The Magic of Reality: How we know what's really true
245 10 - Сведения за заглавието
Заглавие Магията на реалността
Подзаглавни данни Как да разберем кое е наистина вярно
Редно поле (дума) Ричард Докинс; прев. от англ. Деян Кючуков; ил. Дейв Маккийн.
257 ## - Страна на издаване
Страна на създаване/издаване България
260 ## - Област на издателските данни
Място на издаване, разпространение и проч. София
Име на издателя, разпространителя и проч. Сиела Норма
Година на издаване 2022
9 (RLIN) 217021
Издателство - префикс ISBN 978-954-28-
300 ## - Физическа характеристика
Страници 263 c.
Илюстрации и др. с цв. ил.
Размери/Мащаб 24 см
380 ## - Жанр
Жанр Детска отраслова лит.
650 #0 - Допълнително описание по предмет – тема
Основно описание – тема или топоним Естествени науки - детска и юношеска литература
9 (RLIN) 295364
653 #7 - Ключова дума – ненормативна
Ключова дума Вселена
9 (RLIN) 183654
700 ## - Други автори (авторска отговорност)
Лично име Кючуков, Деян Любомиров
Автороска отговорност (Описва отношението между автора и произведението) прев. от англ.
9 (RLIN) 1021
700 ## - Други автори (авторска отговорност)
Лично име Маккийн, Дейв
Автороска отговорност (Описва отношението между автора и произведението) ил.
9 (RLIN) 599
856 4# - Електронен адрес и достъп
Електронен формат pdf - файл
856 4# - Електронен адрес и достъп
Електронен формат pdf - файл
999 ## - СИСТЕМНИ КОНТРОЛНИ НОМЕРА
Koha biblionumber 447479
Koha biblioitemnumber 447479
942 ## - АРТИКУЛИ
Вид на библиотечния материал Книги
Скрит в OPAC Не
Koha issues (borrowed), all copies 9
Периодичен библиозапис Да
944 ## - СЪЗДАВАНЕ И РЕДАКЦИЯ на ЗАПИСА
Служител, извършил регистрацията/редакцията 30530
Статус, дата на статуса Минев Младен
999 ## - СИСТЕМНИ КОНТРОЛНИ НОМЕРА
Koha biblioitemnumber 447479
999 ## - СИСТЕМНИ КОНТРОЛНИ НОМЕРА
Koha biblioitemnumber 447479
Наличности
Код за отписване Код за изгубен артикул Източник на класификационната схема Код за повреда Коз за рестрикции Код за отдаване Артикулен № Име на библиотеката - собственик Име на библиотеката, в която се намира в момента Статус (Текущо местоположение) Дата на вписване в системата Местоположение - отдел Цена в лева Систематично азбучна сигнатура Баркод Цена в евро Служебен тип на артикула
  Не е изгубен Universal Decimal Classification Не е повреден без рестрикции заемане за дома 874147 Регионална библиотека "Любен Каравелов" Русе Регионална библиотека "Любен Каравелов" Русе Детски отдел 2022-03-09 Детски отдел 12.50 5/Д 72 Р 120000867677 6.39 Книги
Vip Innovations Ltd, Rousse, Bulgaria 2025